[Event "Zaporozhye Ermak Cup 7th"]
[Site "Zaporozhye"]
[Date "2011.07.01"]
[Round "9"]
[White "Obukhov, Sergeij"]
[Black "Ershova, Svetlana"]
[Result "1/2-1/2"]
[WhiteElo "2132"]
[BlackElo "2278"]
[PlyCount "50"]
[EventDate "2011.06.25"]
[EventType "swiss"]
[EventRounds "9"]
[EventCountry "UKR"]
[SourceTitle "CBM 143 Extra"]
[Source "ChessBase"]
[SourceDate "2011.08.29"]
[SourceVersion "1"]
[SourceVersionDate "2011.08.29"]
[SourceQuality "1"]

1. c4 Nf6 2. Nc3 c5 3. g3 d5 4. cxd5 Nxd5 5. Bg2 Nc7 6. Nf3 Nc6 7. 0-0 e5 8. d3 Be7 9. Nd2 0-0 10. Nc4 f6 11. f4 exf4 12. gxf4 Be6 13. Qa4 Nd4 14. Bxb7 Nd5 15. Nxd5 Bxd5 16. Bxd5+ Qxd5 17. Qd1 Qh5 18. Rf2 f5 19. Bd2 Bh4 20. Rg2 Rae8 21. Ne5 Bf6 22. e3 Qxd1+ 23. Rxd1 Bxe5 24. fxe5 Nf3+ 25. Kf2 Nxe5 1/2-1/2

[Event "Zaporozhye Ermak Cup 7th"]
[Site "Zaporozhye"]
[Date "2011.06.25"]
[Round "1"]
[White "Nasirov, Ruslan"]
[Black "Ershova, Svetlana"]
[Result "1/2-1/2"]
[WhiteElo "1917"]
[BlackElo "2278"]
[PlyCount "76"]
[EventDate "2011.06.25"]
[EventType "swiss"]
[EventRounds "9"]
[EventCountry "UKR"]
[SourceTitle "CBM 143 Extra"]
[Source "ChessBase"]
[SourceDate "2011.08.29"]
[SourceVersion "1"]
[SourceVersionDate "2011.08.29"]
[SourceQuality "1"]

1. c4 Nf6 2. Nc3 c5 3. g3 d5 4. cxd5 Nxd5 5. Bg2 Nc7 6. Nf3 Nc6 7. 0-0 e5 8. b3 Be7 9. Bb2 f6 10. Rc1 Be6 11. Na4 Na6 12. e3 0-0 13. d4 cxd4 14. exd4 e4 15. Nd2 f5 16. f3 Nab4 17. fxe4 Nxd4 18. exf5 Bxf5 19. Ne4 Nbc6 20. Nac5 b6 21. Nd3 Qd7 22. Ne5 Nxe5 23. Qxd4 Qxd4+ 24. Bxd4 Ng4 25. Rc7 Rad8 26. Bxg7 Rf7 27. Bc3 Ne3 28. Re1 Nd5 29. Rxe7 Nxe7 30. Ng5 Nd5 31. Nxf7 Kxf7 32. Re5 Be6 33. Bd2 Nf6 34. Re2 Bg4 35. Rf2 Ke6 36. h3 Bf5 37. Kh2 Ne4 38. Bxe4 Bxe4 1/2-1/2

[Event "Perm-ch (Women)"]
[Site "Perm"]
[Date "2007.08.05"]
[Round "3"]
[White "Ershova, Svetlana"]
[Black "Samigullina, Diana"]
[Result "1-0"]
[WhiteElo "2259"]
[BlackElo "2087"]
[PlyCount "55"]
[EventDate "2007.08.03"]
[EventType "tourn"]
[EventRounds "10"]
[EventCountry "RUS"]
[SourceTitle "EXT 2022"]
[Source "ChessBase"]
[SourceDate "2021.10.06"]
[SourceVersion "1"]
[SourceVersionDate "2021.10.06"]
[SourceQuality "1"]

1. d4 d5 2. c4 e6 3. Nc3 Nf6 4. cxd5 exd5 5. Bg5 Nbd7 6. e3 c6 7. Nf3 Be7 8. Qc2 0-0 9. Bd3 Re8 10. 0-0 Nf8 11. h3 Ng6 12. Ne5 Bd6 13. f4 Qc7 14. Rf3 Nd7 15. Rc1 Qa5 16. a3 Ndf8 17. Kh1 Bxe5 18. fxe5 Ne6 19. Rg3 Bd7 20. Rf1 c5 21. Qf2 Rf8 22. Nxd5 Nxg5 23. Rxg5 cxd4 24. Rxg6 Qxd5 25. Rxg7+ Kxg7 26. Qf6+ Kg8 27. Bxh7+ Kxh7 28. Rf4 1-0

[Event "Perm-ch (Women)"]
[Site "Perm"]
[Date "2007.08.03"]
[Round "1"]
[White "Kushka, Alena"]
[Black "Ershova, Svetlana"]
[Result "0-1"]
[WhiteElo "2013"]
[BlackElo "2259"]
[PlyCount "104"]
[EventDate "2007.08.03"]
[EventType "tourn"]
[EventRounds "10"]
[EventCountry "RUS"]
[SourceTitle "EXT 2022"]
[Source "ChessBase"]
[SourceDate "2021.10.06"]
[SourceVersion "1"]
[SourceVersionDate "2021.10.06"]
[SourceQuality "1"]

1. c4 Nf6 2. Nc3 c5 3. Nf3 d5 4. cxd5 Nxd5 5. e4 Nb4 6. Bc4 Be6 7. Bxe6 Nd3+ 8. Kf1 fxe6 9. Ng5 Qd7 10. Qf3 Ne5 11. Qh3 Qd3+ 12. Qxd3 Nxd3 13. Ke2 Nf4+ 14. Kf3 h6 15. Kxf4 hxg5+ 16. Kg3 Nc6 17. d3 0-0-0 18. Rd1 Nb4 19. Bxg5 Rxd3+ 20. Rxd3 Nxd3 21. b3 Rh5 22. h4 g6 23. Na4 b6 24. Rd1 Nb4 25. Rd2 Nc6 26. f4 e5 27. f5 gxf5 28. exf5 Nd4 29. Kg4 Rh7 30. Nc3 Kc7 31. f6 exf6 32. Bxf6 Kd6 33. Ne4+ Kd5 34. Ng5 Rh6 35. Rf2 Bd6 36. Nf7 Rg6+ 37. Bg5 e4 38. Kh5 Rg8 39. Nxd6 Kxd6 40. Kh6 Re8 41. g4 e3 42. Bxe3 Rxe3 43. g5 Ke5 44. h5 b5 45. g6 Nf5+ 46. Kh7 Rh3 47. g7 Rxh5+ 48. Kg6 Nxg7 49. Kxg7 Rg5+ 50. Kh6 Rf5 51. Rd2 c4 52. bxc4 bxc4 0-1

[Event "RUS-chT1 (Women)"]
[Site "Serpukhov"]
[Date "2002.??.??"]
[Round "8"]
[White "Ershova, Svetlana"]
[Black "Kuzmina, Olga"]
[Result "1/2-1/2"]
[WhiteElo "2258"]
[BlackElo "2206"]
[PlyCount "90"]
[EventDate "2002.??.??"]
[EventType "team"]
[EventRounds "9"]
[EventCountry "RUS"]
[SourceTitle "EXT 2003"]
[Source "ChessBase"]
[SourceDate "2002.11.25"]
[SourceVersion "1"]
[SourceVersionDate "2002.11.25"]
[SourceQuality "1"]

1. d4 g6 2. c4 Bg7 3. Nc3 d6 4. e4 Nc6 5. Be3 e5 6. Nge2 f5 7. exf5 Bxf5 8. d5 Nce7 9. Ng3 Nf6 10. f3 0-0 11. Be2 Bd7 12. 0-0 Nf5 13. Nxf5 gxf5 14. g4 Kh8 15. Kh1 Qc8 16. Rg1 Rg8 17. h3 Be8 18. Bg5 Bg6 19. Qe1 f4 20. Rd1 Qf8 21. Bd3 Bxd3 22. Rxd3 Nd7 23. Ne4 Bf6 24. Bh4 Bxh4 25. Qxh4 Rg6 26. Kg2 Re8 27. Re1 a5 28. b3 a4 29. b4 Ra8 30. a3 b6 31. Rc1 Rb8 32. Qf2 Nf6 33. Nxf6 Qxf6 34. Qe2 h5 35. Rh1 Kg7 36. Rd2 Rh8 37. Rdd1 Rgh6 38. Rdg1 hxg4 39. hxg4 Rxh1 40. Rxh1 Rxh1 41. Kxh1 Qh4+ 42. Kg1 Qg3+ 43. Kf1 Qh3+ 44. Kg1 Qg3+ 45. Kf1 Qh3+ 1/2-1/2

[Event "RUS-chT1 (Women)"]
[Site "Serpukhov"]
[Date "2002.??.??"]
[Round "9"]
[White "Shaydullina, Sandugach"]
[Black "Ershova, Svetlana"]
[Result "1-0"]
[WhiteElo "2281"]
[BlackElo "2258"]
[PlyCount "65"]
[EventDate "2002.??.??"]
[EventType "team"]
[EventRounds "9"]
[EventCountry "RUS"]
[SourceTitle "EXT 2003"]
[Source "ChessBase"]
[SourceDate "2002.11.25"]
[SourceVersion "1"]
[SourceVersionDate "2002.11.25"]
[SourceQuality "1"]

1. d4 Nf6 2. Nf3 g6 3. c4 Bg7 4. g3 d6 5. Bg2 0-0 6. 0-0 Nbd7 7. Nc3 e5 8. h3 c6 9. e4 Re8 10. Re1 Qb6 11. d5 Nc5 12. Qc2 a5 13. Be3 Qc7 14. Rac1 Bd7 15. b3 Rec8 16. dxc6 Qxc6 17. Rcd1 Qc7 18. Rd2 b5 19. Nxb5 Bxb5 20. cxb5 Ncxe4 21. Qxc7 Rxc7 22. b6 Re7 23. Ng5 d5 24. Nxe4 dxe4 25. Rc1 h6 26. Rc7 Bf8 27. Rc6 Kg7 28. Bf1 Ne8 29. Rd5 Nf6 30. Rb5 a4 31. bxa4 Rd7 32. a5 Bd6 33. b7 1-0

[Event "Perm City Cup"]
[Site "Perm"]
[Date "2001.??.??"]
[Round "7"]
[White "Ershova, Svetlana"]
[Black "Gaag, Evgeny"]
[Result "0-1"]
[WhiteElo "2255"]
[BlackElo "2318"]
[PlyCount "57"]
[EventDate "2001.01.??"]
[EventType "tourn"]
[EventRounds "9"]
[EventCountry "RUS"]
[SourceTitle "EXT 2002"]
[Source "ChessBase"]
[SourceDate "2001.11.25"]
[SourceVersion "1"]
[SourceVersionDate "2001.11.25"]
[SourceQuality "1"]

1. d4 d5 2. c4 e6 3. Nc3 Nf6 4. Nf3 Be7 5. Bf4 0-0 6. e3 b6 7. Bd3 Nbd7 8. h3 dxc4 9. Bxc4 b5 10. Bd3 b4 11. Ne2 c5 12. 0-0 Bb7 13. Ne5 Nxe5 14. Bxe5 cxd4 15. Nxd4 Qd5 16. Nf3 Rfd8 17. Bc2 Qa5 18. Qc1 Rac8 19. Qb1 Bd5 20. Bd3 Bxf3 21. Bxf6 Bxf6 22. gxf3 Qg5+ 23. Kh2 Qe5+ 24. f4 Qxb2 25. Qxb2 Bxb2 26. Rad1 Rc5 27. Be4 Rxd1 28. Rxd1 Ra5 29. Bb1 0-1

[Event "Berezniki-ch"]
[Site "Berezniki"]
[Date "2001.??.??"]
[Round "7"]
[White "Ershova, Svetlana"]
[Black "Gavryushin, Oleg"]
[Result "0-1"]
[WhiteElo "2255"]
[BlackElo "2310"]
[PlyCount "76"]
[EventDate "2001.02.??"]
[EventType "swiss"]
[EventRounds "11"]
[EventCountry "RUS"]
[SourceTitle "EXT 2002"]
[Source "ChessBase"]
[SourceDate "2001.11.25"]
[SourceVersion "1"]
[SourceVersionDate "2001.11.25"]
[SourceQuality "1"]

1. d4 Nf6 2. Nf3 g6 3. c4 Bg7 4. Nc3 d5 5. cxd5 Nxd5 6. e4 Nxc3 7. bxc3 c5 8. Rb1 0-0 9. Be2 b6 10. 0-0 Bb7 11. Qd3 Ba6 12. Qe3 Qd7 13. Bxa6 Nxa6 14. d5 Nc7 15. c4 e5 16. Bb2 f6 17. Ne1 Ne8 18. f3 Nd6 19. Qb3 Bh6 20. Bc1 Bxc1 21. Rxc1 f5 22. Nd3 fxe4 23. Nxe5 Qg7 24. Nc6 exf3 25. Rxf3 Rxf3 26. gxf3 Re8 27. Qc3 Qh6 28. Re1 Qg5+ 29. Kh1 Rxe1+ 30. Qxe1 Nxc4 31. h4 Qf6 32. Kg2 Kg7 33. Nxa7 Qf4 34. Qe7+ Kh6 35. Qe4 Qc1 36. Nc6 Ne3+ 37. Kf2 Qd2+ 38. Kg3 Nf1+ 0-1

[Event "RUS-chT1 (Women)"]
[Site "Protvino"]
[Date "2001.??.??"]
[Round "3"]
[White "Ershova, Svetlana"]
[Black "Kharashkina, Bairta"]
[Result "1/2-1/2"]
[WhiteElo "2255"]
[BlackElo "2137"]
[PlyCount "72"]
[EventDate "2001.02.??"]
[EventType "team"]
[EventRounds "9"]
[EventCountry "RUS"]
[SourceTitle "EXT 2002"]
[Source "ChessBase"]
[SourceDate "2001.11.25"]
[SourceVersion "1"]
[SourceVersionDate "2001.11.25"]
[SourceQuality "1"]

1. d4 d5 2. c4 e6 3. Nc3 Be7 4. Nf3 Nf6 5. Bg5 Nbd7 6. cxd5 exd5 7. e3 0-0 8. Bd3 Re8 9. 0-0 c6 10. Qc2 Nf8 11. h3 g6 12. Rab1 Ne6 13. Bh4 Ng7 14. b4 a6 15. a4 Bf5 16. b5 a5 17. bxc6 bxc6 18. Bxf5 Nxf5 19. Bxf6 Bxf6 20. Ne2 Rc8 21. Nf4 Nd6 22. Nd3 Ne4 23. Rfc1 Be7 24. Qb3 Bd6 25. Qb6 Bc7 26. Qa6 Qd6 27. Nc5 Rb8 28. Nb7 Qa3 29. Qxc6 Rec8 30. Qxd5 Bh2+ 31. Kxh2 Rxc1 32. Rxc1 Qxc1 33. Ne5 Qc7 34. Nxa5 Nc3 35. Qc5 Qxc5 36. dxc5 Ra8 1/2-1/2

[Event "Pushkino-ch"]
[Site "Pushkino"]
[Date "2001.??.??"]
[Round "?"]
[White "Ershova, Svetlana"]
[Black "Sochagin, Alexander"]
[Result "1/2-1/2"]
[WhiteElo "2255"]
[BlackElo "2296"]
[PlyCount "39"]
[EventDate "2001.02.??"]
[EventType "tourn"]
[EventRounds "7"]
[EventCountry "RUS"]
[EventCategory "4"]
[SourceTitle "EXT 2002"]
[Source "ChessBase"]
[SourceDate "2001.11.25"]
[SourceVersion "1"]
[SourceVersionDate "2001.11.25"]
[SourceQuality "1"]

1. e4 c6 2. d4 d5 3. Nc3 dxe4 4. Nxe4 Bf5 5. Ng3 Bg6 6. h4 h6 7. Nf3 Nd7 8. Bd3 Bxd3 9. Qxd3 Qc7 10. Bd2 Ngf6 11. 0-0-0 0-0-0 12. c4 e6 13. Bc3 Bd6 14. Ne4 Bf4+ 15. Kb1 Ne5 16. Nxe5 Bxe5 17. Qe2 Nxe4 18. Qxe4 Bf6 19. g3 Rhe8 20. Rhe1 1/2-1/2

[Event "Perm City Cup"]
[Site "Perm"]
[Date "2001.??.??"]
[Round "4"]
[White "Khairullin, Ildar"]
[Black "Ershova, Svetlana"]
[Result "0-1"]
[WhiteElo "2210"]
[BlackElo "2255"]
[PlyCount "75"]
[EventDate "2001.01.??"]
[EventType "tourn"]
[EventRounds "9"]
[EventCountry "RUS"]
[SourceTitle "EXT 2002"]
[Source "ChessBase"]
[SourceDate "2001.11.25"]
[SourceVersion "1"]
[SourceVersionDate "2001.11.25"]
[SourceQuality "1"]

1. e4 c6 2. d4 d5 3. exd5 cxd5 4. c4 Nf6 5. Nc3 e6 6. Nf3 Be7 7. a3 0-0 8. c5 Ne4 9. Qc2 f5 10. b4 Bf6 11. Be2 Nc6 12. Qd3 a6 13. Bb2 Bd7 14. 0-0 g5 15. Nd1 Be8 16. Ne5 Bg7 17. f3 Nf6 18. Nxc6 bxc6 19. Qd2 Nh5 20. Re1 Qf6 21. Nf2 Bh6 22. Qd1 Ng7 23. Nd3 f4 24. Ne5 Nf5 25. Ng4 Qg6 26. Bd3 Bg7 27. Ne5 Qf6 28. Qe2 h5 29. Bxa6 Ra7 30. Bd3 Qe7 31. a4 Ne3 32. Ng6 Bxg6 33. Bxg6 e5 34. dxe5 Bxe5 35. Bd3 Qf6 36. Bxe5 Qxe5 37. b5 cxb5 38. Bxb5 0-1

[Event "Pushkino-ch"]
[Site "Pushkino"]
[Date "2001.??.??"]
[Round "?"]
[White "Khavsky, Sergey V"]
[Black "Ershova, Svetlana"]
[Result "1/2-1/2"]
[WhiteElo "2316"]
[BlackElo "2255"]
[PlyCount "40"]
[EventDate "2001.02.??"]
[EventType "tourn"]
[EventRounds "7"]
[EventCountry "RUS"]
[EventCategory "4"]
[SourceTitle "EXT 2002"]
[Source "ChessBase"]
[SourceDate "2001.11.25"]
[SourceVersion "1"]
[SourceVersionDate "2001.11.25"]
[SourceQuality "1"]

1. e4 e5 2. Nf3 Nf6 3. Nxe5 d6 4. Nf3 Nxe4 5. d4 d5 6. Bd3 Be7 7. 0-0 Nd6 8. Bf4 0-0 9. Nc3 c6 10. Ne2 Bg4 11. Ne5 Bf5 12. Bxf5 Nxf5 13. Ng3 Nxg3 14. fxg3 Nd7 15. Nxd7 Qxd7 16. Qd3 Bf6 17. c3 Rfe8 18. Rae1 Rxe1 19. Rxe1 Re8 20. Rxe8+ Qxe8 1/2-1/2

[Event "Perm City Cup"]
[Site "Perm"]
[Date "2001.??.??"]
[Round "9"]
[White "Kraev, Alexei"]
[Black "Ershova, Svetlana"]
[Result "1-0"]
[WhiteElo "2275"]
[BlackElo "2255"]
[PlyCount "141"]
[EventDate "2001.01.??"]
[EventType "tourn"]
[EventRounds "9"]
[EventCountry "RUS"]
[SourceTitle "EXT 2002"]
[Source "ChessBase"]
[SourceDate "2001.11.25"]
[SourceVersion "1"]
[SourceVersionDate "2001.11.25"]
[SourceQuality "1"]

1. e4 c6 2. d3 d5 3. Nd2 g6 4. Ngf3 Bg7 5. g3 e5 6. Bg2 Ne7 7. 0-0 0-0 8. Re1 Nd7 9. b3 Qc7 10. Bb2 d4 11. Nh4 c5 12. h3 Nc6 13. Nf1 Bf6 14. Bc1 Qd8 15. Bh6 Re8 16. Nf3 Nf8 17. N3h2 Bg5 18. Bxg5 Qxg5 19. f4 exf4 20. Qd2 Ne6 21. Nf3 Qh6 22. N1h2 g5 23. Ng4 Qg7 24. e5 Rd8 25. Nf6+ Kh8 26. Nh5 Qh6 27. g4 Ne7 28. Nf6 Nd5 29. Nxd5 Rxd5 30. Nh4 Nc7 31. Bxd5 Nxd5 32. Ng2 Qxh3 33. Rf1 Bxg4 34. Qf2 f3 35. Ne1 Ne3 36. Nxf3 Nxf1 37. Nxg5 Qg3+ 38. Kxf1 Bh3+ 39. Nxh3 Qxh3+ 40. Ke2 Qg4+ 41. Qf3 Qxf3+ 42. Kxf3 Re8 43. Kf4 Re6 44. Rb1 f6 45. exf6 Rxf6+ 46. Ke5 Rf2 47. b4 Rxc2 48. bxc5 Rxc5+ 49. Kxd4 b6 50. Re1 Ra5 51. Re2 Kg7 52. Rf2 h5 53. Ke4 Kg6 54. d4 h4 55. d5 Ra4+ 56. Ke5 Ra3 57. d6 Rd3 58. Ke6 h3 59. d7 Kg5 60. Rf3 Rxf3 61. d8Q+ Kg4 62. Qd4+ Rf4 63. Qg1+ Kf3 64. Qh2 Kg4 65. Ke5 Rb4 66. Qe2+ Kg3 67. Qe1+ Kg2 68. Qxb4 h2 69. Qg4+ Kf2 70. Qh3 Kg1 71. Qg3+ 1-0

[Event "RUS-chT1 (Women)"]
[Site "Protvino"]
[Date "2001.??.??"]
[Round "4"]
[White "Loktionova, Natalia"]
[Black "Ershova, Svetlana"]
[Result "1-0"]
[WhiteElo "2201"]
[BlackElo "2255"]
[PlyCount "120"]
[EventDate "2001.02.??"]
[EventType "team"]
[EventRounds "9"]
[EventCountry "RUS"]
[SourceTitle "EXT 2002"]
[Source "ChessBase"]
[SourceDate "2001.11.25"]
[SourceVersion "1"]
[SourceVersionDate "2001.11.25"]
[SourceQuality "1"]

1. d4 Nf6 2. Nf3 g6 3. c4 d6 4. Nc3 Bg7 5. Bg5 0-0 6. e3 Nbd7 7. Be2 c6 8. Qc2 a6 9. 0-0 b5 10. a3 Bb7 11. Rfd1 bxc4 12. Bxc4 c5 13. dxc5 Nxc5 14. Bxf6 Bxf6 15. Bd5 Rc8 16. Bxb7 Nxb7 17. Nd4 Na5 18. Rac1 Qb6 19. b4 Nc4 20. Nd5 Qb7 21. Nxf6+ exf6 22. Qa2 Ne5 23. Ne2 Rxc1 24. Rxc1 Rc8 25. Rc2 Kg7 26. Qb3 Rxc2 27. Qxc2 Qd5 28. e4 Qb5 29. Nd4 Qb6 30. Nf3 Nxf3+ 31. gxf3 Qd4 32. Kg2 h5 33. Qc6 Qd3 34. a4 h4 35. h3 Qd2 36. b5 Qg5+ 37. Kf1 axb5 38. axb5 Qf4 39. b6 Qxf3 40. b7 Qd1+ 41. Kg2 Qb1 42. Qc8 Qxe4+ 43. Kf1 Qb1+ 44. Ke2 Qe4+ 45. Kd2 Qd4+ 46. Kc2 Qxf2+ 47. Kc3 Qe3+ 48. Kc4 d5+ 49. Kb5 Qb3+ 50. Kc6 Qc3+ 51. Kb6 Qb4+ 52. Kc7 Qa5+ 53. Kd7 Qb5+ 54. Kd8 Qb6+ 55. Qc7 Qe3 56. b8Q Qxh3 57. Qbb7 Kh6 58. Qb4 Kg5 59. Qd2+ Kh5 60. Qd1+ Kg5 1-0

[Event "Perm City Cup"]
[Site "Perm"]
[Date "2001.??.??"]
[Round "8"]
[White "Varavin, Viktor"]
[Black "Ershova, Svetlana"]
[Result "1-0"]
[WhiteElo "2445"]
[BlackElo "2255"]
[PlyCount "48"]
[EventDate "2001.01.??"]
[EventType "tourn"]
[EventRounds "9"]
[EventCountry "RUS"]
[SourceTitle "EXT 2002"]
[Source "ChessBase"]
[SourceDate "2001.11.25"]
[SourceVersion "1"]
[SourceVersionDate "2001.11.25"]
[SourceQuality "1"]

1. e4 c6 2. d4 d5 3. Nd2 dxe4 4. Nxe4 Nf6 5. Nxf6+ gxf6 6. c3 Bf5 7. Ne2 h5 8. h4 e6 9. Ng3 Bg4 10. Qb3 Qc7 11. a4 Nd7 12. a5 0-0-0 13. Bc4 Rg8 14. Bd2 Bd6 15. Ne2 Bf5 16. g3 Be4 17. Rf1 Bg2 18. Rg1 Bf3 19. Qa4 Rg4 20. 0-0-0 c5 21. a6 b6 22. Kb1 Kb8 23. Rc1 Rdg8 24. Nf4 Rh8 1-0

[Event "Chigorin Memorial 08th"]
[Site "St Petersburg"]
[Date "2000.11.09"]
[Round "8"]
[White "Krivonogov, Alexander"]
[Black "Ershova, Svetlana"]
[Result "1-0"]
[WhiteElo "2334"]
[BlackElo "2264"]
[PlyCount "79"]
[EventDate "2000.10.31"]
[EventType "swiss"]
[EventRounds "9"]
[EventCountry "RUS"]
[SourceTitle "EXT 2001"]
[Source "ChessBase"]
[SourceDate "2000.11.22"]
[SourceVersion "1"]
[SourceVersionDate "2000.11.22"]
[SourceQuality "1"]

1. c4 Nf6 2. b3 g6 3. Bb2 Bg7 4. Nf3 d6 5. e3 e5 6. d4 0-0 7. Be2 Nbd7 8. Nc3 Re8 9. Qc2 c6 10. 0-0 Nf8 11. dxe5 dxe5 12. Rfd1 Qa5 13. a3 e4 14. b4 Qc7 15. Nd2 Bf5 16. c5 N8d7 17. Nc4 Ne5 18. Nd6 Re7 19. a4 b6 20. cxb6 axb6 21. Rac1 Qb8 22. h3 Re6 23. Nxf5 gxf5 24. Qb3 Nfd7 25. Kh1 Rh6 26. Nb1 Nf3 27. Bxf3 exf3 28. Rxd7 fxg2+ 29. Kxg2 Qe8 30. Rcd1 Qe4+ 31. Kf1 Re6 32. Bxg7 Kxg7 33. Nd2 Qe5 34. Nf3 Qf6 35. Nd4 Re4 36. Qc3 Rxa4 37. Qxc6 Qxc6 38. Nxc6 b5 39. R7d5 Ra6 40. Nd4 1-0

[Event "Chigorin Memorial 08th"]
[Site "St Petersburg"]
[Date "2000.11.06"]
[Round "6"]
[White "Timagin, Paula"]
[Black "Ershova, Svetlana"]
[Result "1-0"]
[WhiteElo "2315"]
[BlackElo "2264"]
[PlyCount "71"]
[EventDate "2000.10.31"]
[EventType "swiss"]
[EventRounds "9"]
[EventCountry "RUS"]
[SourceTitle "EXT 2001"]
[Source "ChessBase"]
[SourceDate "2000.11.22"]
[SourceVersion "1"]
[SourceVersionDate "2000.11.22"]
[SourceQuality "1"]

1. e4 c6 2. d4 d5 3. Nc3 dxe4 4. Nxe4 Nf6 5. Nxf6+ gxf6 6. Ne2 h5 7. c3 h4 8. Qc2 Qa5 9. Nf4 Bf5 10. Qb3 Qc7 11. Be2 Bh6 12. g3 e6 13. Nh5 Bxc1 14. Rxc1 Ke7 15. Qb4+ Qd6 16. Qxd6+ Kxd6 17. g4 Bg6 18. Nxf6 Ke7 19. g5 Nd7 20. Nxd7 Kxd7 21. Kd2 Bh5 22. Rhg1 Rag8 23. f4 Kd6 24. Rce1 Bxe2 25. Kxe2 Rg6 26. Kf3 b6 27. Rg4 Rh5 28. Re5 a5 29. c4 c5 30. d5 Rh8 31. Rg2 Kc7 32. Rge2 Kd6 33. Kg4 b5 34. dxe6 fxe6 35. cxb5 a4 36. Rd2+ 1-0

[Event "Chigorin Memorial 08th"]
[Site "St Petersburg"]
[Date "2000.11.04"]
[Round "4"]
[White "Yashtylov, Anatolij"]
[Black "Ershova, Svetlana"]
[Result "1-0"]
[WhiteElo "2314"]
[BlackElo "2264"]
[PlyCount "175"]
[EventDate "2000.10.31"]
[EventType "swiss"]
[EventRounds "9"]
[EventCountry "RUS"]
[SourceTitle "EXT 2001"]
[Source "ChessBase"]
[SourceDate "2000.11.22"]
[SourceVersion "1"]
[SourceVersionDate "2000.11.22"]
[SourceQuality "1"]

1. d4 Nf6 2. c4 g6 3. Nf3 Bg7 4. g3 d6 5. Bg2 0-0 6. 0-0 Nbd7 7. Nc3 e5 8. h3 c6 9. e4 Re8 10. Re1 Qb6 11. b3 exd4 12. Na4 Qa5 13. Bd2 Qd8 14. Nxd4 Nxe4 15. Bf4 Ndc5 16. Nxc5 Nxc5 17. Rxe8+ Qxe8 18. Qd2 Be5 19. Re1 Bd7 20. Bh6 Qc8 21. Nf3 Bxh3 22. Nxe5 dxe5 23. Rxe5 Bxg2 24. Kxg2 Ne6 25. Qd6 Qe8 26. Bg5 Kg7 27. Re1 h6 28. Qe5+ Kh7 29. Bxh6 Qh8 30. Bf4 Nxf4+ 31. Qxf4 Qf8 32. Qc7 Re8 33. Rxe8 Qxe8 34. Qxb7 a5 35. Qa7 Qe4+ 36. Kh2 Qf5 37. Qd4 c5 38. Qe3 Kg8 39. Kg2 Qc8 40. Qe4 Kg7 41. Qe5+ Kg8 42. Qd6 Qb7+ 43. Kh2 Qb4 44. Qd7 Kg7 45. Kg2 Kf6 46. Qd6+ Kg7 47. Qe5+ Kg8 48. Kf3 Qb6 49. Qe8+ Kg7 50. Qb5 Qc7 51. Kg2 g5 52. Qe8 Qb7+ 53. Kh2 f6 54. Qe6 Kg6 55. Kg1 Qc7 56. Qe4+ Kg7 57. Kg2 Qd7 58. Qd5 Qe7 59. Kf3 Qc7 60. Qe6 Qb7+ 61. Kg4 Qh1 62. f3 Qh2 63. Qe7+ Kg6 64. Qe4+ Kf7 65. Qd5+ Kg7 66. Qxc5 Qxa2 67. Qe7+ Kg6 68. Qe8+ Kg7 69. Qd7+ Kg6 70. Qd3+ Kh6 71. Kf5 Qb2 72. Qd6 Qxb3 73. Qxf6+ Kh7 74. Qf7+ Kh8 75. Qh5+ Kg7 76. Qxg5+ Kf7 77. Qf6+ Ke8 78. Qc6+ Ke7 79. Qc7+ Ke8 80. Ke6 Qe3+ 81. Qe5 Qb6+ 82. Kd5+ Kd7 83. Qg7+ Kc8 84. Qf8+ Kd7 85. Qf7+ Kd8 86. g4 a4 87. g5 Qa5+ 88. c5 1-0

[Event "St Petersburg op2 (Women)"]
[Site "St Petersburg"]
[Date "2000.??.??"]
[Round "3"]
[White "Ershova, Svetlana"]
[Black "Rakitskaja, Mariya"]
[Result "0-1"]
[WhiteElo "2264"]
[BlackElo "2162"]
[PlyCount "80"]
[EventDate "2000.??.??"]
[EventType "swiss"]
[EventRounds "9"]
[EventCountry "RUS"]
[SourceTitle "EXT 2002"]
[Source "ChessBase"]
[SourceDate "2001.11.25"]
[SourceVersion "1"]
[SourceVersionDate "2001.11.25"]
[SourceQuality "1"]

1. d4 Nf6 2. c4 e6 3. Nc3 Bb4 4. e3 c5 5. Nge2 cxd4 6. exd4 d5 7. c5 Ne4 8. Bd2 Nxd2 9. Qxd2 a6 10. a3 Ba5 11. g3 0-0 12. Bg2 Nc6 13. b4 Bc7 14. 0-0 b5 15. cxb6 Bxb6 16. Na4 Bd7 17. Nc5 Bxc5 18. dxc5 Ne5 19. a4 Rb8 20. Rfb1 Qf6 21. Nd4 Nc4 22. Qd3 Rfc8 23. f4 a5 24. bxa5 Nxa5 25. Rc1 Rb4 26. Nf3 Nb3 27. Rcb1 Nxc5 28. Qe2 Bxa4 29. Ne5 Rxb1+ 30. Rxb1 Qd8 31. Qh5 Be8 32. Qd1 f6 33. Nf3 Bg6 34. Ra1 Qb6 35. Kh1 Nd3 36. Qe2 Nf2+ 37. Kg1 Rc2 38. Ra6 Nh3+ 39. Kh1 Qb1+ 40. Qf1 Rc1 0-1

[Event "St Petersburg op2 (Women)"]
[Site "St Petersburg"]
[Date "2000.??.??"]
[Round "8"]
[White "Ershova, Svetlana"]
[Black "Sirotkina, Nina"]
[Result "1/2-1/2"]
[WhiteElo "2264"]
[BlackElo "2284"]
[PlyCount "120"]
[EventDate "2000.??.??"]
[EventType "swiss"]
[EventRounds "9"]
[EventCountry "RUS"]
[SourceTitle "EXT 2002"]
[Source "ChessBase"]
[SourceDate "2001.11.25"]
[SourceVersion "1"]
[SourceVersionDate "2001.11.25"]
[SourceQuality "1"]

1. d4 d5 2. c4 e6 3. Nc3 Be7 4. Nf3 Nf6 5. Bf4 0-0 6. e3 b6 7. cxd5 exd5 8. Bd3 Bg4 9. Qc2 c5 10. Ne5 Be6 11. Qe2 Qc8 12. 0-0 c4 13. Bc2 Nc6 14. Rad1 Rd8 15. h3 a6 16. Bh2 b5 17. f4 b4 18. f5 Bd7 19. Na4 Qb7 20. Nxd7 Rxd7 21. Be5 Rdd8 22. g4 Ne8 23. Bf4 b3 24. axb3 cxb3 25. Bb1 Qb5 26. Qxb5 axb5 27. Nc5 Na5 28. Rd3 Nd6 29. Nxb3 Ndc4 30. Nxa5 Nxa5 31. Rdd1 Nc4 32. b3 Nd6 33. Bd3 Ra3 34. Rb1 b4 35. Rfc1 Ne4 36. Rb2 Nc3 37. Kg2 h6 38. Kf3 Bd6 39. h4 Bxf4 40. Kxf4 f6 41. Bf1 Kf8 42. Bg2 Rd7 43. Bf3 Rd8 44. g5 hxg5+ 45. hxg5 fxg5+ 46. Kxg5 Re8 47. Kf4 Rea8 48. Rh2 Ra1 49. Rxa1 Rxa1 50. Rh8+ Ke7 51. Rb8 Rf1 52. Rxb4 Ne2+ 53. Kg4 Rg1+ 54. Kh4 Ng3 55. Bg4 Ne4 56. Rb7+ Kf6 57. Rb6+ Ke7 58. Rg6 Rh1+ 59. Bh3 Kf7 60. Rg2 Rb1 1/2-1/2

[Event "RUS-ch49 (Women)"]
[Site "Moscow"]
[Date "1999.05.22"]
[Round "7"]
[White "Ershova, Svetlana"]
[Black "Ovchinnikova, Julia"]
[Result "1/2-1/2"]
[WhiteElo "2263"]
[BlackElo "2205"]
[PlyCount "28"]
[EventDate "1999.05.??"]
[EventType "swiss"]
[EventRounds "9"]
[EventCountry "RUS"]
[SourceTitle "CBM 070 Extra"]
[Source "ChessBase"]
[SourceDate "1999.07.10"]
[SourceVersion "1"]
[SourceVersionDate "1999.07.10"]
[SourceQuality "1"]

1. d4 Nf6 2. c4 e6 3. Nf3 b6 4. a3 Bb7 5. Nc3 d5 6. Qc2 Be7 7. cxd5 exd5 8. g3 0-0 9. Bh3 Nbd7 10. 0-0 Ne4 11. Bf4 Ndf6 12. Nxe4 dxe4 13. Ne5 h6 14. Rac1 Bd6 1/2-1/2